技術革新への新たな要請
שמור ב:
| מחבר תאגידי: | |
|---|---|
| פורמט: | ספר |
| שפה: | Undetermined |
| יצא לאור: |
東京
大蔵省印刷局
1971
|
| נושאים: | |
| תגים: |
הוספת תג
אין תגיות, היה/י הראשונ/ה לתייג את הרשומה!
|
| Thư viện lưu trữ: | Trung tâm Học liệu Trường Đại học Cần Thơ |
|---|
| LEADER | 00479nam a2200181Ia 4500 | ||
|---|---|---|---|
| 001 | CTU_88491 | ||
| 008 | 210402s9999 xx 000 0 und d | ||
| 082 | |a 600 | ||
| 082 | |b K12 | ||
| 110 | |a 科学技術庁 | ||
| 245 | 0 | |a 技術革新への新たな要請 | |
| 245 | 0 | |c 科学技術庁 | |
| 260 | |a 東京 | ||
| 260 | |b 大蔵省印刷局 | ||
| 260 | |c 1971 | ||
| 650 | |a Science Technology | ||
| 904 | |i Ngoc,Hải | ||
| 980 | |a Trung tâm Học liệu Trường Đại học Cần Thơ | ||